[Event "SRB-chT (Women) Div1"]
[Site "Vrnjacka Banja"]
[Date "2021.09.15"]
[Round "10.4"]
[White "Bojicic, Andjela"]
[Black "Marcetic, Marija"]
[Result "1-0"]
[WhiteElo "2151"]
[BlackElo "2052"]
[PlyCount "92"]
[EventDate "2021.09.07"]
[EventType "tourn"]
[EventRounds "11"]
[EventCountry "SRB"]
[SourceTitle "CBM 204 Extra"]
[Source "ChessBase"]
[SourceDate "2021.11.30"]
[SourceVersion "1"]
[SourceVersionDate "2021.11.30"]
[SourceQuality "1"]
[WhiteTeam "Novi Varos Zlatar (W)"]
[BlackTeam "Topola Karadorde (W)"]
[WhiteTeamCountry "SRB"]
[BlackTeamCountry "SRB"]

1. d4 Nf6 2. c4 g6 3. Nc3 Bg7 4. e4 d6 5. f3 0-0 6. Be3 c6 7. Qd2 a6 8. Bd3 b5 9. Nge2 Nbd7 10. 0-0 e5 11. Rad1 exd4 12. Nxd4 Bb7 13. Nc2 Ne5 14. Be2 bxc4 15. Qxd6 Re8 16. Qxd8 Raxd8 17. Na3 a5 18. Rxd8 Rxd8 19. Nxc4 Nxc4 20. Bxc4 Ne8 21. Rd1 Rxd1+ 22. Nxd1 Nd6 23. Bd3 Nb5 24. Kf2 a4 25. Bc2 a3 26. bxa3 Nxa3 27. Bd3 Bc8 28. Bc5 Nb5 29. a4 Nc7 30. Bb6 Na6 31. Ne3 Kf8 32. Nc2 Bc3 33. Ke3 Ke7 34. Bc4 f6 35. f4 Kd6 36. Bxa6 Bxa6 37. Bd4 Bxd4+ 38. Nxd4 Bc4 39. Kd2 c5 40. Nb5+ Kc6 41. Nc3 f5 42. e5 Kb6 43. Nd1 Bb3 44. Nb2 Ka5 45. Kc3 Ba2 46. Nc4+ Kxa4 1-0

[Event "SRB-chT (Women) Div1"]
[Site "Vrnjacka Banja"]
[Date "2021.09.13"]
[Round "8.4"]
[White "Benderac, Ana"]
[Black "Marcetic, Marija"]
[Result "1-0"]
[WhiteElo "2156"]
[BlackElo "2052"]
[PlyCount "55"]
[EventDate "2021.09.07"]
[EventType "tourn"]
[EventRounds "11"]
[EventCountry "SRB"]
[SourceTitle "CBM 204 Extra"]
[Source "ChessBase"]
[SourceDate "2021.11.30"]
[SourceVersion "1"]
[SourceVersionDate "2021.11.30"]
[SourceQuality "1"]
[WhiteTeam "Belgrade Bas (W)"]
[BlackTeam "Topola Karadorde (W)"]
[WhiteTeamCountry "SRB"]
[BlackTeamCountry "SRB"]

1. d4 Nf6 2. Nf3 g6 3. e3 Bg7 4. b3 0-0 5. Bb2 d5 6. Nbd2 Nbd7 7. c4 c5 8. Be2 b6 9. 0-0 Bb7 10. Rc1 Rc8 11. Rc2 Ne4 12. cxd5 Bxd5 13. Nxe4 Bxe4 14. Rd2 Qc7 15. dxc5 Nxc5 16. Bxg7 Kxg7 17. b4 Nb7 18. Rd7 Qc3 19. Qd4+ Qxd4 20. Nxd4 Rfd8 21. Rxe7 Re8 22. Rd7 Rcd8 23. Rc7 a5 24. Bc4 Nd6 25. Ne6+ Kg8 26. Nxd8 Nxc4 27. Rxc4 Bd3 28. Rd4 1-0

[Event "SRB-chT (Women) Div1"]
[Site "Vrnjacka Banja"]
[Date "2021.09.11"]
[Round "6.4"]
[White "Marcetic, Marija"]
[Black "Miladinovic, Lena"]
[Result "1/2-1/2"]
[WhiteElo "2052"]
[BlackElo "2082"]
[PlyCount "32"]
[EventDate "2021.09.07"]
[EventType "tourn"]
[EventRounds "11"]
[EventCountry "SRB"]
[SourceTitle "CBM 204 Extra"]
[Source "ChessBase"]
[SourceDate "2021.11.30"]
[SourceVersion "1"]
[SourceVersionDate "2021.11.30"]
[SourceQuality "1"]
[WhiteTeam "Topola Karadorde (W)"]
[BlackTeam "Goracici Jelica (W)"]
[WhiteTeamCountry "SRB"]
[BlackTeamCountry "SRB"]

1. e4 c5 2. Be2 e6 3. f4 Nc6 4. Nf3 d5 5. d3 g6 6. 0-0 Bg7 7. c3 Nge7 8. Qe1 0-0 9. Qh4 b6 10. Ng5 h6 11. Nf3 f5 12. e5 d4 13. c4 Bb7 14. a3 a6 15. b4 Qd7 16. Nbd2 cxb4 1/2-1/2

[Event "SRB-chT (Women)"]
[Site "Valjevo"]
[Date "2020.09.26"]
[Round "2.3"]
[White "Kovacevic, Radmila"]
[Black "Marcetic, Marija"]
[Result "1/2-1/2"]
[WhiteElo "2075"]
[BlackElo "2100"]
[PlyCount "20"]
[EventDate "2020.09.25"]
[EventType "team-tourn"]
[EventRounds "11"]
[EventCountry "SRB"]
[SourceTitle "CBM 198 Extra"]
[Source "ChessBase"]
[SourceDate "2020.11.30"]
[SourceVersion "1"]
[SourceVersionDate "2020.11.30"]
[SourceQuality "1"]
[WhiteTeam "Nis Osnovac (W)"]
[BlackTeam "Valjevo 2005 (W)"]
[WhiteTeamCountry "SRB"]
[BlackTeamCountry "SRB"]

1. c4 c5 2. Nf3 Nf6 3. g3 g6 4. Bg2 Bg7 5. 0-0 0-0 6. Nc3 Nc6 7. e4 e5 8. d3 d6 9. Be3 Be6 10. Re1 h6 1/2-1/2

[Event "SRB-chT (Women)"]
[Site "Subotica"]
[Date "2019.08.24"]
[Round "3.2"]
[White "Gaponenko, Inna"]
[Black "Marcetic, Marija"]
[Result "1-0"]
[WhiteElo "2446"]
[BlackElo "2133"]
[PlyCount "47"]
[EventDate "2019.08.22"]
[EventType "team-tourn"]
[EventRounds "11"]
[EventCountry "SRB"]
[SourceTitle "EXT 2020"]
[Source "ChessBase"]
[SourceDate "2019.10.17"]
[SourceVersion "1"]
[SourceVersionDate "2019.10.17"]
[SourceQuality "1"]
[WhiteTeam "Belgrade Bas (W)"]
[BlackTeam "Belgrade Radnicki (W)"]
[WhiteTeamCountry "SRB"]
[BlackTeamCountry "SRB"]

1. e4 c5 2. Nf3 Nc6 3. Nc3 d6 4. d4 cxd4 5. Nxd4 Nf6 6. f3 e5 7. Nb3 Be6 8. Nd5 Bxd5 9. exd5 Nb8 10. Be3 Nbd7 11. Be2 Be7 12. 0-0 0-0 13. c4 Nh5 14. Qd2 h6 15. g3 b6 16. f4 Nhf6 17. fxe5 Nxe5 18. Nd4 Nh7 19. h4 Bf6 20. Nf5 Rc8 21. Rac1 Re8 22. b3 Nf8 23. Rf2 Nfd7 24. Nxd6 1-0

[Event "SRB-chT (Women)"]
[Site "Kragujevac"]
[Date "2016.09.24"]
[Round "3.2"]
[White "Tomin, Ksenija"]
[Black "Marcetic, Marija"]
[Result "1/2-1/2"]
[WhiteElo "2000"]
[BlackElo "2141"]
[PlyCount "129"]
[EventDate "2016.09.22"]
[EventType "team-tourn"]
[EventRounds "11"]
[EventCountry "SRB"]
[SourceTitle "CBM 174 Extra"]
[Source "ChessBase"]
[SourceDate "2016.10.10"]
[SourceVersion "1"]
[SourceVersionDate "2016.10.10"]
[SourceQuality "1"]
[WhiteTeam "Sahmatni kruzok (W)"]
[BlackTeam "Rudovci Radnicki (W)"]
[WhiteTeamCountry "SRB"]
[BlackTeamCountry "SRB"]

1. e4 c5 2. Nf3 d6 3. c3 Nf6 4. h3 Nc6 5. Bd3 g6 6. Bc2 Bg7 7. 0-0 0-0 8. d4 cxd4 9. cxd4 Nb4 10. Bb3 d5 11. e5 Ne4 12. Nc3 h6 13. Re1 Nxc3 14. bxc3 Nc6 15. c4 dxc4 16. Bxc4 Na5 17. Bd3 Be6 18. Bf4 Bd5 19. Be4 Bxe4 20. Rxe4 Qd5 21. Re2 Rac8 22. Rc1 Rc6 23. Rxc6 Nxc6 24. Rd2 Rd8 25. Qc2 e6 26. Rd1 Bf8 27. Qb1 Rd7 28. Be3 Kh7 29. Kh1 Nb4 30. Rd2 Qa5 31. Rb2 Qa3 32. Rb3 Qa4 33. a3 Nd5 34. Rxb7 Bxa3 35. Rxd7 Qxd7 36. Nd2 Be7 37. Ne4 a5 38. Bc1 a4 39. Qa2 Qb5 40. Kh2 Qc6 41. Ba3 Nb4 42. Qe2 Kg7 43. f3 Qd5 44. Qd1 Qb3 45. Qxb3 axb3 46. Nd2 Nc6 47. Bxe7 Nxe7 48. Nxb3 h5 49. h4 Nf5 50. Kh3 Kh6 51. g4 Ne3 52. Kg3 Nd5 53. Nc5 g5 54. hxg5+ Kxg5 55. Ne4+ Kg6 56. gxh5+ Kxh5 57. Nd6 Kg6 58. Kg4 f6 59. exf6 Kxf6 60. f4 Ke7 61. Nb5 Nf6+ 62. Kf3 Kd7 63. Nc3 Kc6 64. Ne4 Ne8 65. Ng5 1/2-1/2

[Event "SRB-chT (Women)"]
[Site "Kragujevac"]
[Date "2016.09.23"]
[Round "2.4"]
[White "Marcetic, Marija"]
[Black "Serefidou, Despina"]
[Result "1-0"]
[WhiteElo "2141"]
[BlackElo "1953"]
[PlyCount "27"]
[EventDate "2016.09.22"]
[EventType "team-tourn"]
[EventRounds "11"]
[EventCountry "SRB"]
[SourceTitle "CBM 174 Extra"]
[Source "ChessBase"]
[SourceDate "2016.10.10"]
[SourceVersion "1"]
[SourceVersionDate "2016.10.10"]
[SourceQuality "1"]
[WhiteTeam "Rudovci Radnicki (W)"]
[BlackTeam "Lestane (W)"]
[WhiteTeamCountry "SRB"]
[BlackTeamCountry "SRB"]

1. e4 e5 2. Nf3 Nc6 3. Bb5 a6 4. Ba4 Nf6 5. Bxc6 dxc6 6. d3 Qd6 7. h3 Be7 8. 0-0 h6 9. Nbd2 Be6 10. d4 Nd7 11. c3 g5 12. Qe2 g4 13. hxg4 Bxg4 14. Nc4 1-0

[Event "SRB-chT (Women)"]
[Site "Valjevo"]
[Date "2011.08.27"]
[Round "1.3"]
[White "Chelushkina, Irina"]
[Black "Marcetic, Marija"]
[Result "1-0"]
[WhiteElo "2296"]
[BlackElo "2171"]
[PlyCount "52"]
[EventDate "2011.08.27"]
[EventType "team-tourn"]
[EventRounds "11"]
[EventCountry "SRB"]
[SourceTitle "CBM 144 Extra"]
[Source "ChessBase"]
[SourceDate "2011.10.28"]
[SourceVersion "1"]
[SourceVersionDate "2011.10.28"]
[SourceQuality "1"]
[WhiteTeam "Belgrade BAS (W)"]
[BlackTeam "Rudovci Radnicki (W)"]
[WhiteTeamCountry "SRB"]
[BlackTeamCountry "SRB"]

1. d4 c5 2. d5 e5 3. e4 Bd6 4. Nc3 Bc7 5. d6 Ba5 6. Qd5 Nc6 7. Bc4 Qf6 8. Bg5 Qg6 9. Nf3 Nf6 10. Bxf6 Qxf6 11. 0-0 Bxc3 12. bxc3 b6 13. Bb5 0-0 14. Bxc6 dxc6 15. Qxe5 Bg4 16. Qxf6 gxf6 17. Nh4 Rad8 18. h3 Bc8 19. Rfd1 Rfe8 20. f3 Re5 21. g4 h5 22. Kf2 Kg7 23. Rd2 Ree8 24. Ke3 hxg4 25. hxg4 Be6 26. Rh1 Rg8 1-0

[Event "SRB-chT (Women)"]
[Site "Novi Sad"]
[Date "2010.08.25"]
[Round "3"]
[White "Marcetic, Marija"]
[Black "Rakic, Marija"]
[Result "0-1"]
[WhiteElo "2180"]
[BlackElo "2317"]
[PlyCount "64"]
[EventDate "2010.08.23"]
[EventType "team-tourn"]
[EventRounds "11"]
[EventCountry "YUG"]
[SourceTitle "CBM 138 Extra"]
[Source "ChessBase"]
[SourceDate "2010.10.29"]
[SourceVersion "1"]
[SourceVersionDate "2010.10.29"]
[SourceQuality "1"]

1. e4 g6 2. d4 Bg7 3. Nc3 d6 4. Be3 a6 5. f4 b5 6. Bd3 Nd7 7. Nf3 c5 8. e5 Bb7 9. Be4 Qc8 10. 0-0 b4 11. Bxb7 Qxb7 12. Ne2 Nh6 13. dxc5 Ng4 14. Qd2 dxe5 15. fxe5 Ndxe5 16. Bd4 Rd8 17. Qf4 Nxf3+ 18. Rxf3 e5 19. Qxg4 exd4 20. Rd1 Qe7 21. Rfd3 h5 22. Qf3 0-0 23. Qf2 Bh6 24. Nf4 Qe5 25. g3 Qxc5 26. c3 Qa5 27. cxb4 Qxa2 28. Rxd4 Rxd4 29. Rxd4 Bg7 30. Rd2 Qb1+ 31. Qf1 Qe4 32. Nd5 Bd4+ 0-1

[Event "SRB-chT (Women) 1st"]
[Site "Zlatibor"]
[Date "2007.08.31"]
[Round "11"]
[White "Benderac, Ana"]
[Black "Marcetic, Marija"]
[Result "1-0"]
[WhiteElo "2305"]
[BlackElo "2199"]
[PlyCount "55"]
[EventDate "2007.08.21"]
[EventType "team"]
[EventRounds "11"]
[EventCountry "YUG"]
[SourceTitle "CBM 120 Extra"]
[Source "ChessBase"]
[SourceDate "2007.11.01"]
[SourceVersion "1"]
[SourceVersionDate "2007.11.01"]
[SourceQuality "1"]

1. e4 c5 2. Nf3 d6 3. c3 Nf6 4. Bd3 Nc6 5. h3 e5 6. Bc2 Be7 7. 0-0 0-0 8. d4 cxd4 9. cxd4 Qb6 10. d5 Nb4 11. Nc3 Nxc2 12. Qxc2 Bd7 13. Be3 Qa6 14. Rfd1 Rfc8 15. a4 Qa5 16. Qb3 Qd8 17. Nd2 Nh5 18. Nb5 a6 19. Nc3 b5 20. a5 Bg5 21. Ne2 Qf6 22. Rac1 Qg6 23. Bxg5 Qxg5 24. Nf3 Qg6 25. Qe3 Bxh3 26. Nh4 Qg4 27. Qxh3 Rxc1 28. Rxc1 1-0

[Event "SRB-chT (Women) 1st"]
[Site "Zlatibor"]
[Date "2007.08.29"]
[Round "9"]
[White "Marcetic, Marija"]
[Black "Maksimovic, Suzana"]
[Result "0-1"]
[WhiteElo "2199"]
[BlackElo "2259"]
[PlyCount "24"]
[EventDate "2007.08.21"]
[EventType "team"]
[EventRounds "11"]
[EventCountry "YUG"]
[SourceTitle "CBM 120 Extra"]
[Source "ChessBase"]
[SourceDate "2007.11.01"]
[SourceVersion "1"]
[SourceVersionDate "2007.11.01"]
[SourceQuality "1"]

1. e4 c5 2. Nf3 a6 3. c4 d6 4. d4 Bg4 5. dxc5 Bxf3 6. Qxf3 dxc5 7. Bd3 Nc6 8. 0-0 Ne5 9. Qg3 Nxd3 10. Rd1 Nxc1 11. Rxd8+ Rxd8 12. Nc3 Rd1+ 0-1

[Event "SRB-chT (Women) 1st"]
[Site "Zlatibor"]
[Date "2007.08.28"]
[Round "8"]
[White "Manakova, Maria"]
[Black "Marcetic, Marija"]
[Result "1-0"]
[WhiteElo "2321"]
[BlackElo "2199"]
[PlyCount "87"]
[EventDate "2007.08.21"]
[EventType "team"]
[EventRounds "11"]
[EventCountry "YUG"]
[SourceTitle "CBM 120 Extra"]
[Source "ChessBase"]
[SourceDate "2007.11.01"]
[SourceVersion "1"]
[SourceVersionDate "2007.11.01"]
[SourceQuality "1"]

1. e4 c5 2. Nf3 Nc6 3. d4 cxd4 4. Nxd4 e5 5. Nb5 d6 6. c4 a6 7. N5c3 f5 8. exf5 Bxf5 9. Bd3 Be6 10. 0-0 Nf6 11. Bg5 Be7 12. Nd2 0-0 13. Bxf6 Rxf6 14. Nde4 Rf4 15. Qd2 Nd4 16. Ne2 Nxe2+ 17. Qxe2 b5 18. b3 bxc4 19. bxc4 Rc8 20. Rab1 Qc7 21. g3 Rff8 22. Nd2 g6 23. Be4 Bg5 24. Rb7 Qc5 25. Rxh7 Bf5 26. Rb7 Rc7 27. Rxc7 Qxc7 28. Bxf5 gxf5 29. Rd1 Rc8 30. Nb3 Be7 31. Qh5 f4 32. c5 fxg3 33. hxg3 dxc5 34. Qg4+ Kf8 35. Qf5+ Ke8 36. Qg6+ Kf8 37. Rd3 Qc6 38. Qf5+ Ke8 39. Qh5+ Kf8 40. Rf3+ Bf6 41. Qh8+ Ke7 42. Rxf6 Qg2+ 43. Kxg2 Rxh8 44. Rc6 1-0

[Event "SRB-chT (Women) 1st"]
[Site "Zlatibor"]
[Date "2007.08.23"]
[Round "3"]
[White "Marcetic, Marija"]
[Black "Petrovic, Marija"]
[Result "1/2-1/2"]
[WhiteElo "2199"]
[BlackElo "2197"]
[PlyCount "49"]
[EventDate "2007.08.21"]
[EventType "team"]
[EventRounds "11"]
[EventCountry "YUG"]
[SourceTitle "CBM 120 Extra"]
[Source "ChessBase"]
[SourceDate "2007.11.01"]
[SourceVersion "1"]
[SourceVersionDate "2007.11.01"]
[SourceQuality "1"]

1. e4 d5 2. exd5 Nf6 3. d4 Nxd5 4. c4 Nb6 5. Nc3 g6 6. Nf3 Bg7 7. c5 Nd5 8. Qb3 c6 9. Bc4 0-0 10. 0-0 Nxc3 11. bxc3 Qc7 12. Rb1 e6 13. Bg5 Re8 14. Bh4 Nd7 15. Bg3 Qa5 16. Rfe1 Nf6 17. Bd6 Bh6 18. Bd3 Qd8 19. Ne5 Nd5 20. a4 Nf4 21. Be4 Qg5 22. g3 Nh5 23. Nxc6 bxc6 24. Bxc6 Ba6 25. Bxa8 1/2-1/2

[Event "Serbia-chT (Women)"]
[Site "Zlatibor"]
[Date "2006.08.31"]
[Round "6"]
[White "Chelushkina, Irina"]
[Black "Marcetic, Marija"]
[Result "1-0"]
[WhiteElo "2353"]
[BlackElo "2204"]
[PlyCount "59"]
[EventDate "2006.08.26"]
[EventType "team"]
[EventRounds "9"]
[EventCountry "YUG"]
[SourceTitle "EXT 2007"]
[Source "ChessBase"]
[SourceDate "2006.11.23"]
[SourceVersion "1"]
[SourceVersionDate "2006.11.23"]
[SourceQuality "1"]

1. c4 g6 2. Nc3 Bg7 3. g3 c5 4. Bg2 Nc6 5. d3 d6 6. a3 a6 7. Nf3 e5 8. 0-0 Nge7 9. Ne1 Rb8 10. Nc2 b5 11. Ne3 0-0 12. Ned5 h6 13. Rb1 b4 14. axb4 Nxb4 15. Bd2 Be6 16. Nxb4 cxb4 17. Na4 f5 18. f4 d5 19. b3 e4 20. dxe4 dxe4 21. Be3 Nc6 22. Bc5 Rf7 23. Qxd8+ Rxd8 24. Rfd1 Rfd7 25. Rxd7 Rxd7 26. e3 Rd3 27. Bf1 Rd2 28. Bb6 g5 29. c5 gxf4 30. gxf4 1-0

[Event "Serbia-chT (Women)"]
[Site "Zlatibor"]
[Date "2006.08.29"]
[Round "4"]
[White "Marcetic, Marija"]
[Black "Bojkovic, Natasa"]
[Result "1/2-1/2"]
[WhiteElo "2204"]
[BlackElo "2390"]
[PlyCount "54"]
[EventDate "2006.08.26"]
[EventType "team"]
[EventRounds "9"]
[EventCountry "YUG"]
[SourceTitle "EXT 2007"]
[Source "ChessBase"]
[SourceDate "2006.11.23"]
[SourceVersion "1"]
[SourceVersionDate "2006.11.23"]
[SourceQuality "1"]

1. e4 c5 2. Nf3 e6 3. d4 cxd4 4. Nxd4 a6 5. c4 Nf6 6. Nc3 Qc7 7. a3 b6 8. Be2 Bb7 9. f3 d6 10. 0-0 Nbd7 11. Be3 Be7 12. Rc1 0-0 13. b4 Rac8 14. Qd2 Qb8 15. Rc2 Bd8 16. Rb1 Bc7 17. Kh1 Rfe8 18. Bg1 h6 19. Na4 Red8 20. Qc1 Qa8 21. Nb2 Ne5 22. Qf1 Nfd7 23. Nd3 Nxd3 24. Bxd3 Bb8 25. Nb3 Bc7 26. Bd4 Bc6 27. Qg1 Re8 1/2-1/2

[Event "Serbia-chT (Women)"]
[Site "Zlatibor"]
[Date "2006.08.26"]
[Round "1"]
[White "Muzychuk, Anna"]
[Black "Marcetic, Marija"]
[Result "1/2-1/2"]
[WhiteElo "2456"]
[BlackElo "2204"]
[PlyCount "89"]
[EventDate "2006.08.26"]
[EventType "team"]
[EventRounds "9"]
[EventCountry "YUG"]
[SourceTitle "EXT 2007"]
[Source "ChessBase"]
[SourceDate "2006.11.23"]
[SourceVersion "1"]
[SourceVersionDate "2006.11.23"]
[SourceQuality "1"]

1. c4 c5 2. Nf3 Nc6 3. d4 cxd4 4. Nxd4 g6 5. e4 Nf6 6. Nc3 Nxd4 7. Qxd4 d6 8. Be3 Bg7 9. f3 0-0 10. Qd2 Be6 11. Rc1 Qa5 12. b3 Rfc8 13. Be2 a6 14. Na4 Qxd2+ 15. Kxd2 Nd7 16. g4 Rc6 17. f4 Nf6 18. Bf3 Bxg4 19. Bg2 Rd8 20. Bb6 Rd7 21. h3 Bh5 22. Be3 e5 23. Nc3 exf4 24. Bxf4 Rc8 25. Rhf1 h6 26. h4 Re8 27. a4 Bg4 28. Rce1 Nh5 29. Be3 Bf6 30. Bf2 Nf4 31. Bh1 Bh3 32. Rg1 Be5 33. Be3 h5 34. Bf3 Kh7 35. Kc2 Ne6 36. Rd1 Nc5 37. Nd5 b5 38. cxb5 axb5 39. a5 Rc8 40. Nb6 Rdc7 41. Nxc8 Nxe4+ 42. Kd3 Rc3+ 43. Ke2 Rc2+ 44. Kd3 Rc3+ 45. Ke2 1/2-1/2

[Event "SCG Cup (Woman)"]
[Site "Vrnjacka Banja"]
[Date "2006.05.03"]
[Round "3"]
[White "Marcetic, Marija"]
[Black "Dragasevic, Antonina"]
[Result "1-0"]
[WhiteElo "2245"]
[BlackElo "2146"]
[PlyCount "69"]
[EventDate "2006.05.01"]
[EventType "swiss"]
[EventRounds "7"]
[EventCountry "YUG"]
[SourceTitle "EXT 2007"]
[Source "ChessBase"]
[SourceDate "2006.11.23"]
[SourceVersion "1"]
[SourceVersionDate "2006.11.23"]
[SourceQuality "1"]

1. e4 d5 2. exd5 Qxd5 3. Nc3 Qa5 4. d4 Nf6 5. Bc4 Bg4 6. f3 Bf5 7. Nge2 e6 8. Be3 Bd6 9. Qd2 c6 10. Ng3 Bg6 11. Nge4 Nxe4 12. fxe4 Bb4 13. Bd3 Nd7 14. e5 Bxd3 15. Qxd3 Rd8 16. Qc4 Nb6 17. Qb3 Na4 18. 0-0 Nxc3 19. bxc3 Bxc3 20. Rxf7 Qd5 21. Qxb7 Rd7 22. Rxd7 Qxd7 23. Qa8+ Ke7 24. Qxh8 Bxa1 25. Qxg7+ Kd8 26. Qxd7+ Kxd7 27. Kf2 c5 28. dxc5 Kc6 29. Kf3 Bxe5 30. h4 a6 31. g4 Kd5 32. g5 Bg7 33. c4+ Kc6 34. Ke4 Bc3 35. h5 1-0

[Event "Belgrade (Women) 38th"]
[Site "Belgrade"]
[Date "2006.03.13"]
[Round "7"]
[White "Petrovic, Marija"]
[Black "Marcetic, Marija"]
[Result "1/2-1/2"]
[WhiteElo "2246"]
[BlackElo "2245"]
[PlyCount "22"]
[EventDate "2006.03.06"]
[EventType "tourn"]
[EventRounds "9"]
[EventCountry "YUG"]
[SourceTitle "CBM 111 Extra"]
[Source "ChessBase"]
[SourceDate "2006.05.09"]
[SourceVersion "1"]
[SourceVersionDate "2006.05.09"]
[SourceQuality "1"]

1. d4 c5 2. c3 Nf6 3. Nf3 Qb6 4. e3 e6 5. Nbd2 Nc6 6. Bd3 cxd4 7. exd4 Be7 8. 0-0 0-0 9. Qe2 d6 10. h3 Qc7 11. Ne5 Nxe5 1/2-1/2

[Event "Belgrade (Women) 38th"]
[Site "Belgrade"]
[Date "2006.03.11"]
[Round "5"]
[White "Marcetic, Marija"]
[Black "Chelushkina, Irina"]
[Result "0-1"]
[WhiteElo "2245"]
[BlackElo "2312"]
[PlyCount "70"]
[EventDate "2006.03.06"]
[EventType "tourn"]
[EventRounds "9"]
[EventCountry "YUG"]
[SourceTitle "CBM 111 Extra"]
[Source "ChessBase"]
[SourceDate "2006.05.09"]
[SourceVersion "1"]
[SourceVersionDate "2006.05.09"]
[SourceQuality "1"]

1. e4 c5 2. Nf3 Nc6 3. d4 cxd4 4. Nxd4 Nf6 5. Nc3 d6 6. Bg5 Qa5 7. Bxf6 gxf6 8. Bb5 Bd7 9. Nb3 Qd8 10. Qd2 a6 11. Be2 e6 12. f4 b5 13. Bh5 f5 14. Qe2 Bg7 15. exf5 0-0 16. fxe6 fxe6 17. 0-0 d5 18. Bg4 Qb6+ 19. Kh1 Ne7 20. Rae1 Nf5 21. Qf2 d4 22. Bxf5 Rxf5 23. Ne2 e5 24. c3 Raf8 25. cxd4 exf4 26. Ng1 Be6 27. Nf3 Bd5 28. Rd1 a5 29. Rfe1 a4 30. Nc5 Qd6 31. Ne4 Qa6 32. Nc3 Qa7 33. a3 Qb6 34. Ne4 Qh6 35. Nc3 Rh5 0-1

[Event "SCG-chT1 (Women)"]
[Site "Vrnjacka Banja"]
[Date "2005.10.23"]
[Round "7"]
[White "Marcetic, Marija"]
[Black "Gaponenko, Inna"]
[Result "0-1"]
[WhiteElo "2258"]
[BlackElo "2432"]
[PlyCount "73"]
[EventDate "2005.10.17"]
[EventType "team"]
[EventRounds "11"]
[EventCountry "YUG"]
[SourceTitle "EXT 2006"]
[Source "ChessBase"]
[SourceDate "2005.11.24"]
[SourceVersion "1"]
[SourceVersionDate "2005.11.24"]
[SourceQuality "1"]

1. e4 c5 2. Nf3 e6 3. d4 cxd4 4. Nxd4 a6 5. Nc3 b5 6. Be2 Bb7 7. Bf3 Qc7 8. 0-0 Nc6 9. Nxc6 dxc6 10. a4 Nf6 11. Qe2 e5 12. b3 Be7 13. Bb2 0-0 14. g3 Rad8 15. Rad1 Bc5 16. axb5 axb5 17. Rxd8 Rxd8 18. Nd1 Bc8 19. Ne3 Be6 20. Rd1 Rxd1+ 21. Nxd1 h6 22. Bg2 Bg4 23. Bf3 Bxf3 24. Qxf3 Qd6 25. Kg2 Nd7 26. Qe2 Nf6 27. f3 Nd7 28. Nf2 Bxf2 29. Qxf2 Nf8 30. Bc1 Ne6 31. Be3 Qd1 32. b4 Nd4 33. Bxd4 exd4 34. h4 h5 35. e5 d3 36. cxd3 Qxd3 37. Qb2 0-1

[Event "SCG-chT1 (Women)"]
[Site "Vrnjacka Banja"]
[Date "2005.10.18"]
[Round "2"]
[White "Voiska, Margarita"]
[Black "Marcetic, Marija"]
[Result "1-0"]
[WhiteElo "2309"]
[BlackElo "2258"]
[PlyCount "45"]
[EventDate "2005.10.17"]
[EventType "team"]
[EventRounds "11"]
[EventCountry "YUG"]
[SourceTitle "EXT 2006"]
[Source "ChessBase"]
[SourceDate "2005.11.24"]
[SourceVersion "1"]
[SourceVersionDate "2005.11.24"]
[SourceQuality "1"]

1. d4 Nf6 2. c4 c5 3. d5 g6 4. Nc3 Bg7 5. e4 d6 6. Bd3 e6 7. h3 exd5 8. exd5 0-0 9. Nge2 a6 10. 0-0 Nbd7 11. f4 b5 12. cxb5 Nb6 13. bxa6 Bxa6 14. Bxa6 Rxa6 15. f5 Qa8 16. Bg5 Nbxd5 17. Nxd5 Qxd5 18. Qxd5 Nxd5 19. f6 Re8 20. fxg7 Rxe2 21. Bh6 Nc7 22. Rxf7 Ne6 23. Rf8+ 1-0

[Event "SCG-chT1 (Women)"]
[Site "Vrnjacka Banja"]
[Date "2005.10.17"]
[Round "1"]
[White "Marcetic, Marija"]
[Black "Maksimovic, Suzana"]
[Result "1/2-1/2"]
[WhiteElo "2258"]
[BlackElo "2267"]
[PlyCount "65"]
[EventDate "2005.10.17"]
[EventType "team"]
[EventRounds "11"]
[EventCountry "YUG"]
[SourceTitle "EXT 2006"]
[Source "ChessBase"]
[SourceDate "2005.11.24"]
[SourceVersion "1"]
[SourceVersionDate "2005.11.24"]
[SourceQuality "1"]

1. e4 c5 2. Nf3 Nc6 3. d4 cxd4 4. Nxd4 Nf6 5. Nc3 e5 6. Ndb5 d6 7. Bg5 a6 8. Na3 b5 9. Nd5 Be7 10. Bxf6 Bxf6 11. c4 b4 12. Nc2 Rb8 13. b3 0-0 14. g3 Bg5 15. h4 Bh6 16. Bh3 Be6 17. Kf1 a5 18. Kg2 Kh8 19. Qd3 Qd7 20. Bf5 g6 21. Bh3 Bxh3+ 22. Rxh3 f5 23. f3 fxe4 24. Qxe4 Qf5 25. Re1 Rb7 26. g4 Qxe4 27. Rxe4 Bd2 28. g5 Kg7 29. Rg4 Rbf7 30. Nf6 h5 31. Re4 Nd8 32. Rh1 Ne6 33. Ne3 1/2-1/2